[Event "SA-2012-0-00287"]
[Site "LSS email"]
[Date "2012.08.09"]
[Round "?"]
[White "Sacerdotali, Sergio"]
[Black "Sharpell, Fred H Jr"]
[Result "1/2-1/2"]
[WhiteElo "2061"]
[BlackElo "2144"]
[PlyCount "50"]
[EventDate "2012.07.24"]
[EventType "tourn (corr)"]
[EventRounds "6"]
[EventCountry "GER"]
[SourceTitle "Telechess CBM 159"]
[Source "ChessBase"]
[SourceDate "2014.03.17"]
[SourceVersion "1"]
[SourceVersionDate "2014.03.17"]
[SourceQuality "1"]

1. d4 Nf6 2. c4 e6 3. Nc3 Bb4 4. Qc2 0-0 5. a3 Bxc3+ 6. Qxc3 b6 7. Bg5 Bb7 8. f3 h6 9. Bh4 d5 10. e3 Nbd7 11. cxd5 Nxd5 12. Bxd8 Nxc3 13. Bh4 Nd5 14. Bf2 f5 15. Rc1 Rac8 16. Bb5 c6 17. Ba4 b5 18. Bc2 c5 19. Ne2 b4 20. axb4 cxd4 21. Nxd4 Nxb4 22. 0-0 Nxc2 23. Rxc2 Rxc2 24. Nxc2 e5 25. Rd1 Nb6 1/2-1/2

[Event "SA-2012-0-00287"]
[Site "LSS email"]
[Date "2012.08.09"]
[Round "?"]
[White "Sharpell, Fred H Jr"]
[Black "De Waele, Willy"]
[Result "1/2-1/2"]
[WhiteElo "2144"]
[BlackElo "1990"]
[PlyCount "91"]
[EventDate "2012.07.24"]
[EventType "tourn (corr)"]
[EventRounds "6"]
[EventCountry "GER"]
[SourceTitle "Telechess CBM 159"]
[Source "ChessBase"]
[SourceDate "2014.03.17"]
[SourceVersion "1"]
[SourceVersionDate "2014.03.17"]
[SourceQuality "1"]

1. e4 c5 2. Nf3 d6 3. d4 cxd4 4. Nxd4 Nf6 5. Nc3 a6 6. b3 g6 7. Be2 Qa5 8. Bd2 Nbd7 9. 0-0 Bg7 10. Nd5 Qd8 11. Bg5 h6 12. Bxf6 Nxf6 13. Qd3 Nxd5 14. exd5 0-0 15. c4 Qa5 16. Rfd1 Bd7 17. a4 Rac8 18. Rab1 h5 19. h3 Qb4 20. Qe3 Be5 21. Bf3 Rc7 22. Be4 Rfc8 23. Bd3 Bg7 24. Be2 Bf6 25. Bf3 Kh7 26. Be4 Rc5 27. Ra1 Kg8 28. Rd3 Be8 29. f4 R5c7 30. f5 g5 31. a5 Bd7 32. Kh1 Kg7 33. Qd2 Qxd2 34. Rxd2 g4 35. hxg4 hxg4 36. Kg1 Rh8 37. Kf2 Rh4 38. Rdd1 Rc5 39. Ke3 Be5 40. Kd3 Rh8 41. b4 Rc7 42. Rac1 Rhc8 43. Rh1 Bf6 44. Rc2 Be8 45. Rc3 Bd7 46. Rc2 1/2-1/2

[Event "SA-2012-0-00287"]
[Site "LSS email"]
[Date "2012.08.09"]
[Round "?"]
[White "Vesely, Emanuel"]
[Black "Sharpell, Fred H Jr"]
[Result "1/2-1/2"]
[WhiteElo "2210"]
[BlackElo "2144"]
[PlyCount "68"]
[EventDate "2012.07.24"]
[EventType "tourn (corr)"]
[EventRounds "6"]
[EventCountry "GER"]
[SourceTitle "Telechess CBM 159"]
[Source "ChessBase"]
[SourceDate "2014.03.17"]
[SourceVersion "1"]
[SourceVersionDate "2014.03.17"]
[SourceQuality "1"]

1. e4 e6 2. d4 d5 3. Nc3 Nf6 4. e5 Nfd7 5. f4 c5 6. Nf3 Nc6 7. Be3 Be7 8. Qd2 0-0 9. dxc5 Nxc5 10. 0-0-0 b6 11. Bb5 Bb7 12. Bxc6 Bxc6 13. Nd4 Rc8 14. f5 b5 15. fxe6 fxe6 16. b4 Ne4 17. Nxc6 Rxc6 18. Nxe4 dxe4 19. Qxd8 Rxd8 20. Rxd8+ Bxd8 21. Kb2 a5 22. a3 Kf7 23. Rd1 Bc7 24. Bd4 axb4 25. axb4 Kg6 26. Rf1 Bd8 27. Rf4 Rc4 28. c3 Be7 29. Rg4+ Kf5 30. Rxg7 Bxb4 31. Rf7+ Kg6 32. Rf4 Ba5 33. h3 Kh5 34. Kc2 Bxc3 1/2-1/2

[Event "WC-2015-P-00012"]
[Site "LSS email"]
[Date "2011.02.20"]
[Round "?"]
[White "Henrichs, Thomas"]
[Black "Sharpell, Fred H Jr"]
[Result "1-0"]
[WhiteElo "2246"]
[BlackElo "2158"]
[PlyCount "61"]
[EventDate "2011.02.24"]
[EventType "tourn (corr)"]
[EventRounds "6"]
[EventCountry "GER"]
[SourceTitle "Corr 2015"]
[Source "ChessBase"]
[SourceDate "2015.07.17"]
[SourceVersion "1"]
[SourceVersionDate "2015.07.17"]
[SourceQuality "1"]

1. d4 Nf6 2. c4 e6 3. Nc3 Bb4 4. f3 c5 5. d5 0-0 6. e4 d6 7. Nge2 exd5 8. cxd5 Nbd7 9. Ng3 Ne5 10. Be2 Bd7 11. 0-0 Re8 12. Bg5 h6 13. Be3 Qa5 14. Qd2 c4 15. Kh1 Rac8 16. h3 Bc5 17. Bxh6 Qb6 18. Rab1 gxh6 19. Qxh6 Ng6 20. f4 Bd4 21. Bf3 Rf8 22. Nce2 Ne8 23. Nxd4 Qxd4 24. Nh5 a6 25. Rbe1 Qh8 26. Qg5 c3 27. bxc3 Bb5 28. Be2 Bxe2 29. Rxe2 Qxc3 30. f5 Qe5 31. Re3 1-0

[Event "WC-2015-P-00012"]
[Site "LSS email"]
[Date "2011.02.20"]
[Round "?"]
[White "Sharpell, Fred H Jr"]
[Black "Tomassi, Emidio"]
[Result "1-0"]
[WhiteElo "2158"]
[BlackElo "1478"]
[PlyCount "91"]
[EventDate "2011.02.24"]
[EventType "tourn (corr)"]
[EventRounds "6"]
[EventCountry "GER"]
[SourceTitle "Corr 2015"]
[Source "ChessBase"]
[SourceDate "2015.07.17"]
[SourceVersion "1"]
[SourceVersionDate "2015.07.17"]
[SourceQuality "1"]

1. e4 e5 2. Nf3 Nc6 3. Bb5 Nf6 4. 0-0 Nxe4 5. d4 Nd6 6. Bxc6 dxc6 7. dxe5 Nf5 8. Qxd8+ Kxd8 9. Nc3 Be6 10. Rd1+ Ke8 11. Ng5 h6 12. Nxe6 fxe6 13. Ne4 Rd8 14. Rxd8+ Kxd8 15. f4 Be7 16. g4 Nh4 17. Be3 b6 18. Rf1 Rf8 19. Kf2 Kc8 20. Ke2 a5 21. Ng3 g6 22. Kd3 Kb7 23. Ke4 Rg8 24. f5 gxf5+ 25. gxf5 exf5+ 26. Nxf5 Nxf5 27. Rxf5 Rg2 28. Rf2 Rg4+ 29. Kf5 h5 30. Rd2 Kc8 31. e6 Rg8 32. Rd7 Rf8+ 33. Ke4 Bd6 34. Bg5 Re8 35. Kf5 Bxh2 36. Rh7 b5 37. Rxh5 Bd6 38. b3 a4 39. bxa4 bxa4 40. Bf6 Rg8 41. Rg5 Rf8 42. Rg7 Rh8 43. Rxc7+ Kxc7 44. Bxh8 Kd8 45. Bf6+ Ke8 46. Ke4 1-0

[Event "CP-2009-Q-00004"]
[Site "LSS email"]
[Date "2011.02.03"]
[Round "?"]
[White "Bendig, Frank"]
[Black "Sharpell, Fred H Jr"]
[Result "1-0"]
[WhiteElo "2168"]
[BlackElo "2158"]
[PlyCount "69"]
[EventDate "2011.02.05"]
[EventType "tourn (corr)"]
[EventRounds "8"]
[EventCountry "GER"]
[SourceTitle "Telechess CBM 157"]
[Source "ChessBase"]
[SourceDate "2013.11.12"]
[SourceVersion "1"]
[SourceVersionDate "2013.11.12"]
[SourceQuality "1"]

1. d4 Nf6 2. Nf3 e6 3. e3 b6 4. Bd3 Bb7 5. 0-0 c5 6. Nbd2 Nc6 7. c3 d5 8. Ne5 Qc7 9. f4 Bd6 10. b3 cxd4 11. exd4 0-0 12. Bb2 Rac8 13. Qe2 g6 14. Rae1 Nh5 15. g3 Ng7 16. Ndf3 Qd8 17. Ng5 Nxe5 18. fxe5 Be7 19. Nh3 Qd7 20. Qd2 a5 21. Rf6 Qd8 22. Qh6 Bxf6 23. exf6 Nf5 24. Bxf5 Qxf6 25. Bd3 Rfe8 26. Nf2 Qg7 27. Qf4 f5 28. Nh3 h6 29. a4 g5 30. Qe3 Bc6 31. Nf2 Qc7 32. Qe2 Qf7 33. Ba3 Bb7 34. Rc1 Red8 35. Ng4 1-0

[Event "CP-2009-Q-00004"]
[Site "LSS email"]
[Date "2011.02.03"]
[Round "?"]
[White "Carroll, Patrick J"]
[Black "Sharpell, Fred H Jr"]
[Result "1/2-1/2"]
[WhiteElo "2165"]
[BlackElo "2158"]
[PlyCount "90"]
[EventDate "2011.02.05"]
[EventType "tourn (corr)"]
[EventRounds "8"]
[EventCountry "GER"]
[SourceTitle "Telechess CBM 155"]
[Source "ChessBase"]
[SourceDate "2013.07.16"]
[SourceVersion "1"]
[SourceVersionDate "2013.07.16"]
[SourceQuality "1"]

1. e4 e6 2. d4 d5 3. Nc3 Nf6 4. Bg5 Bb4 5. e5 h6 6. Bd2 Bxc3 7. bxc3 Ne4 8. Qg4 g6 9. Qf4 c5 10. Bd3 Nxd2 11. Qxd2 Qa5 12. Nf3 Bd7 13. dxc5 Qxc5 14. 0-0 Nc6 15. Rab1 b6 16. Rfd1 g5 17. h3 Na5 18. Rb4 Rc8 19. c4 Nxc4 20. Bxc4 a5 21. Ba6 axb4 22. Bxc8 Qxc8 23. Qxb4 Qxc2 24. Rb1 Qc7 25. Qa3 Rg8 26. Rc1 Qb8 27. Nh2 h5 28. Qe3 Rg6 29. Rb1 f5 30. exf6 Qf4 31. Qxb6 Rxf6 32. Qb2 Rf5 33. Re1 d4 34. Nf3 d3 35. Qh8+ Ke7 36. Qh7+ Kd6 37. Qxh5 g4 38. Qxg4 Qxg4 39. hxg4 Rxf3 40. gxf3 Ba4 41. Re3 Bc2 42. Re1 d2 43. Ra1 Ke5 44. g5 d1Q+ 45. Rxd1 Bxd1 1/2-1/2

[Event "LSS WC-2013-S-00012"]
[Site "LSS email"]
[Date "2010.07.20"]
[Round "?"]
[White "Sharpell, Fred H Jr"]
[Black "Laghetti, Gaetano"]
[Result "0-1"]
[WhiteElo "2156"]
[BlackElo "2392"]
[PlyCount "30"]
[EventDate "2010.07.25"]
[EventType "tourn (corr)"]
[EventRounds "10"]
[EventCountry "GER"]
[SourceTitle "Corr 2015"]
[Source "ChessBase"]
[SourceDate "2015.07.17"]
[SourceVersion "1"]
[SourceVersionDate "2015.07.17"]
[SourceQuality "1"]

1. e4 c5 2. Nf3 d6 3. d4 cxd4 4. Nxd4 Nf6 5. Nc3 a6 6. Be3 e5 7. Nb3 Be6 8. Qd2 Nbd7 9. f3 h5 10. Qf2 Be7 11. Be2 b5 12. a3 0-0 13. 0-0 Qc7 14. Rad1 Rab8 15. a4 bxa4 0-1

[Event "LSS WC-2013-P-00008"]
[Site "LSS email"]
[Date "2009.02.14"]
[Round "?"]
[White "Gyimesi, Jenoe"]
[Black "Sharpell, Fred H Jr"]
[Result "1/2-1/2"]
[WhiteElo "2062"]
[BlackElo "2212"]
[PlyCount "92"]
[EventDate "2009.02.18"]
[EventType "tourn (corr)"]
[EventRounds "6"]
[EventCountry "GER"]
[SourceTitle "Telechess CBM 137"]
[Source "ChessBase"]
[SourceDate "2010.07.15"]
[SourceVersion "1"]
[SourceVersionDate "2010.07.15"]
[SourceQuality "1"]

1. e4 e5 2. Nf3 Nc6 3. Bb5 a6 4. Ba4 Nf6 5. 0-0 Be7 6. Nc3 b5 7. Bb3 0-0 8. d3 d6 9. Nd5 Na5 10. Nxe7+ Qxe7 11. Re1 h6 12. Qd2 Nxb3 13. axb3 Nd7 14. Qa5 Nb8 15. d4 Bg4 16. dxe5 Bxf3 17. exd6 Qxd6 18. gxf3 Nc6 19. Qc3 Nd4 20. Kh1 b4 21. Qd3 Rfd8 22. Rg1 Qf6 23. f4 a5 24. Rg2 Qc6 25. f3 Rd7 26. h3 Rad8 27. Kh2 Qc5 28. e5 Qd5 29. Be3 Nxf3+ 30. Kg3 Qxd3 31. cxd3 Nd4 32. Bxd4 Rxd4 33. Rxa5 Rxd3+ 34. Kg4 g6 35. Rc5 Rxb3 36. h4 Rd4 37. h5 g5 38. Rf2 gxf4 39. Rxf4 Rxf4+ 40. Kxf4 Rxb2 41. Rxc7 Rb1 42. Rb7 b3 43. Ke3 b2 44. Kd2 Kf8 45. Rb5 Ke7 46. Kc2 Rh1 1/2-1/2

[Event "LSS WC-2013-P-00008"]
[Site "LSS email"]
[Date "2009.02.14"]
[Round "?"]
[White "Sharpell, Fred H Jr"]
[Black "Rheinstaedtler, Klaus"]
[Result "1-0"]
[WhiteElo "2206"]
[BlackElo "2118"]
[PlyCount "97"]
[EventDate "2009.02.18"]
[EventType "tourn (corr)"]
[EventRounds "6"]
[EventCountry "GER"]
[SourceTitle "Corr 2011"]
[Source "ChessBase"]
[SourceDate "2010.08.31"]
[SourceVersion "1"]
[SourceVersionDate "2010.08.31"]
[SourceQuality "1"]

1. e4 c5 2. Nf3 Nc6 3. d4 cxd4 4. Nxd4 e5 5. Nb5 d6 6. N1c3 a6 7. Na3 b5 8. Nd5 Nf6 9. Bg5 Be7 10. Bxf6 Bxf6 11. c4 b4 12. Nc2 a5 13. Be2 0-0 14. 0-0 Bg5 15. Qd3 f5 16. Bf3 Be6 17. exf5 Bxf5 18. Be4 Bxe4 19. Qxe4 Rb8 20. b3 Qd7 21. Rad1 Qf5 22. Qxf5 Rxf5 23. Nc7 Rf6 24. Nb5 Rd8 25. Ne3 Kf7 26. Nd5 Rg6 27. g3 Ne7 28. Rd3 h5 29. Kg2 Nc8 30. f4 exf4 31. h4 Bh6 32. Nxf4 Bxf4 33. Rxf4+ Rf6 34. c5 Rxf4 35. gxf4 d5 36. c6 Ne7 37. c7 Ra8 38. Re3 g6 39. Nd6+ Kf6 40. Rxe7 Kxe7 41. c8Q Rxc8 42. Nxc8+ Kd7 43. Nb6+ Kc6 44. Na4 Kd6 45. Kf3 Kc6 46. Nb2 Kd6 47. Nd3 Ke6 48. Ne5 Kf6 49. Nc6 1-0

[Event "LSS CP-2008-P-00057"]
[Site "LSS email"]
[Date "2008.10.01"]
[Round "?"]
[White "Aberg, Lars Erik"]
[Black "Sharpell, Fred H Jr"]
[Result "1/2-1/2"]
[WhiteElo "2046"]
[BlackElo "2200"]
[PlyCount "97"]
[EventDate "2008.10.01"]
[EventType "tourn (corr)"]
[EventRounds "6"]
[EventCountry "GER"]
[SourceTitle "Corr 2011"]
[Source "ChessBase"]
[SourceDate "2010.08.31"]
[SourceVersion "1"]
[SourceVersionDate "2010.08.31"]
[SourceQuality "1"]

1. d4 d5 2. Nf3 Nf6 3. c4 e6 4. Nc3 Bb4 5. Bg5 h6 6. Bxf6 Qxf6 7. e3 c5 8. cxd5 exd5 9. Rc1 c4 10. Qa4+ Nc6 11. Bxc4 Bxc3+ 12. Rxc3 dxc4 13. d5 Bd7 14. dxc6 Bxc6 15. Qxc4 0-0 16. Qg4 Rad8 17. Nd4 Bd7 18. Qf3 Qa6 19. a3 Rfe8 20. Qd1 Bb5 21. f3 Qf6 22. Kf2 Rd5 23. g3 h5 24. h4 a6 25. Qd2 Bd7 26. Rd1 Rd6 27. Qc2 g6 28. Ne2 Rxd1 29. Qxd1 Bc6 30. Nd4 Rd8 31. Qc2 Rd6 32. Kg2 Qe5 33. Nxc6 bxc6 34. e4 Qf6 35. Re3 Qd8 36. Re2 Rd1 37. Qc3 Qb6 38. Rf2 c5 39. e5 a5 40. Rd2 Qa6 41. Rf2 Qb6 42. Qc2 Rd4 43. Re2 Kg7 44. Qc3 a4 45. Kf2 Kf8 46. Rd2 Kg8 47. Ke3 Rxd2 48. Kxd2 c4 49. Ke2 1/2-1/2

[Event "LSS CP-2008-P-00057"]
[Site "LSS email"]
[Date "2008.10.01"]
[Round "?"]
[White "Sharpell, Fred H Jr"]
[Black "Pires da Cunha, Jose Miguel"]
[Result "0-1"]
[WhiteElo "2226"]
[BlackElo "1862"]
[PlyCount "74"]
[EventDate "2008.10.01"]
[EventType "tourn (corr)"]
[EventRounds "6"]
[EventCountry "GER"]
[SourceTitle "Corr 2013"]
[Source "ChessBase"]
[SourceDate "2012.11.12"]
[SourceVersion "1"]
[SourceVersionDate "2012.11.12"]
[SourceQuality "1"]
[WhiteTeam "US of America"]
[BlackTeam "US of America"]
[WhiteTeamCountry "USA"]
[BlackTeamCountry "USA"]

1. e4 c5 2. Nf3 d6 3. d4 cxd4 4. Nxd4 Nf6 5. Nc3 a6 6. Bg5 e6 7. f4 Qb6 8. Qd2 Qxb2 9. Rb1 Qa3 10. f5 Nc6 11. fxe6 fxe6 12. Nxc6 bxc6 13. Be2 Be7 14. 0-0 0-0 15. Rb3 Qc5+ 16. Be3 Qe5 17. Rb4 Ne8 18. Rxf8+ Bxf8 19. Rb1 d5 20. Bd4 Qc7 21. Bb6 Qe7 22. e5 g6 23. Rf1 Ng7 24. g4 a5 25. Qf4 Ba6 26. Bxa6 Rxa6 27. Na4 Qe8 28. Bd4 Ra8 29. Nc5 Rb8 30. a3 h6 31. Qd2 Rb5 32. Na6 Rb7 33. h3 Rf7 34. Rf6 Bxa3 35. Qd3 Qf8 36. Kh2 Be7 37. Rxg6 Rf3 0-1

[Event "LSS CP-2008-P-00057"]
[Site "LSS email"]
[Date "2008.10.01"]
[Round "?"]
[White "Sharpell, Fred H Jr"]
[Black "Puri, Chaand"]
[Result "1-0"]
[WhiteElo "2226"]
[BlackElo "595"]
[PlyCount "47"]
[EventDate "2008.10.01"]
[EventType "tourn (corr)"]
[EventRounds "6"]
[EventCountry "GER"]
[SourceTitle "Corr 2013"]
[Source "ChessBase"]
[SourceDate "2012.11.12"]
[SourceVersion "1"]
[SourceVersionDate "2012.11.12"]
[SourceQuality "1"]
[WhiteTeam "US of America"]
[BlackTeam "US of America"]
[WhiteTeamCountry "USA"]
[BlackTeamCountry "USA"]

1. e4 e5 2. Nf3 Nc6 3. Bb5 a6 4. Ba4 Nf6 5. 0-0 b5 6. Bb3 Bc5 7. a4 0-0 8. axb5 d6 9. bxc6 Nxe4 10. d3 Nf6 11. Nc3 Qe8 12. Bg5 Ng4 13. h3 Nf6 14. Bxf6 gxf6 15. Nd5 Qxc6 16. Ne7+ Kh8 17. Nxc6 Bb7 18. Qd2 Bxc6 19. Qh6 Rg8 20. Qxf6+ Rg7 21. Ng5 h6 22. Nxf7+ Kh7 23. Qxh6+ Kg8 24. Qh8# 1-0

[Event "IECG CP.2005.Q.00020 email"]
[Site "IECG email"]
[Date "2007.01.15"]
[Round "?"]
[White "Sharpell, Fred H Jr"]
[Black "Gamazo, Juan"]
[Result "1-0"]
[WhiteElo "2224"]
[BlackElo "1566"]
[PlyCount "69"]
[EventDate "2007.01.15"]
[EventType "tourn (corr)"]
[EventRounds "6"]
[SourceTitle "Corr 2008"]
[Source "ChessBase"]
[SourceDate "2008.06.24"]
[SourceVersion "1"]
[SourceVersionDate "2008.06.24"]
[SourceQuality "1"]

1. e4 e5 2. Nf3 Nc6 3. Bb5 Nf6 4. 0-0 Nxe4 5. Re1 Nd6 6. Nxe5 Nxe5 7. Rxe5+ Be7 8. Bf1 0-0 9. d4 Ne8 10. Nc3 c6 11. d5 d6 12. Re1 Nf6 13. Bf4 Re8 14. a4 Qc7 15. a5 Bf5 16. a6 Bf8 17. Rxe8 Rxe8 18. axb7 Qxb7 19. dxc6 Qxb2 20. Nb5 d5 21. c7 Bc5 22. Rb1 Qa2 23. Nd6 Bxd6 24. Bxd6 Bc8 25. Rb8 Qa5 26. Be5 Qc5 27. Bxf6 Qxc7 28. Qg4 g6 29. Qa4 Rf8 30. Ra8 a6 31. Bxa6 Qd6 32. Qh4 Qe6 33. h3 h5 34. Bd4 Bd7 35. Qg5 1-0

[Event "IECG CP.2005.Q.00020 email"]
[Site "IECG email"]
[Date "2007.01.15"]
[Round "?"]
[White "Sharpell, Fred H Jr"]
[Black "Noire, Eric"]
[Result "0-1"]
[WhiteElo "2224"]
[BlackElo "2391"]
[PlyCount "58"]
[EventDate "2007.01.15"]
[EventType "tourn (corr)"]
[EventRounds "6"]
[SourceTitle "Corr 2011"]
[Source "ChessBase"]
[SourceDate "2010.08.31"]
[SourceVersion "1"]
[SourceVersionDate "2010.08.31"]
[SourceQuality "1"]

1. e4 e5 2. Nf3 Nf6 3. Nxe5 d6 4. Nf3 Nxe4 5. d4 d5 6. Bd3 Nc6 7. 0-0 Be7 8. Re1 Bg4 9. c3 f5 10. Qb3 0-0 11. Nbd2 Na5 12. Qa4 Nc6 13. Qb3 Na5 14. Qa4 c5 15. Ne5 Bh5 16. f3 Bh4 17. g3 Nxg3 18. hxg3 Bxg3 19. Re2 c4 20. Bc2 Re8 21. Bxf5 Bxe5 22. dxe5 Nc6 23. Qc2 Nxe5 24. Bxh7+ Kh8 25. Bf5 Qg5+ 26. Rg2 Qe3+ 27. Rf2 Rf8 28. Nxc4 Nxf3+ 29. Kg2 Qe7 0-1

[Event "CFriend CP-2005-P-00008"]
[Site "Chessfriend.com"]
[Date "2005.10.01"]
[Round "1"]
[White "Sharpell, Fred H Jr"]
[Black "Mitrovic, Sinisa"]
[Result "1/2-1/2"]
[WhiteElo "2279"]
[BlackElo "1661"]
[PlyCount "69"]
[EventDate "2005.??.??"]
[EventType "tourn (corr)"]
[EventRounds "6"]
[SourceTitle "Corr 2008"]
[Source "ChessBase"]
[SourceDate "2008.06.24"]
[SourceVersion "1"]
[SourceVersionDate "2008.06.24"]
[SourceQuality "1"]

1. e4 e5 2. Nf3 Nf6 3. Nxe5 d6 4. Nf3 Nxe4 5. d4 d5 6. Bd3 Bd6 7. 0-0 0-0 8. c4 c6 9. cxd5 cxd5 10. Nc3 Nxc3 11. bxc3 Bg4 12. Rb1 b6 13. Rb5 Bc7 14. h3 a6 15. Rb1 Bh5 16. Re1 Nc6 17. a4 Qf6 18. Qe2 h6 19. Ba3 Rfd8 20. Be7 Nxe7 21. Qxe7 Qc6 22. Ne5 Bxe5 23. Qxe5 Bg6 24. Bxg6 Qxg6 25. Qc7 Rab8 26. Rb3 Rdc8 27. Qd7 Qc2 28. Qxd5 Rd8 29. Qc4 Rxd4 30. Qxd4 Qxb3 31. Re7 Rc8 32. Rb7 b5 33. axb5 axb5 34. Qd7 Qe6 35. Qxe6 1/2-1/2